| 000 | 01455cab a2200253 4500 | ||
|---|---|---|---|
| 001 | ABS52097 | ||
| 008 | 090401t1994 xxu||||| |||| 00| 0 eng d | ||
| 035 | _a(Sirsi) u60400 | ||
| 041 | _aeng | ||
| 245 | _aJones Son & Vernon v Sandwell MBC | ||
| 260 | _c1994 | ||
| 350 | _a0 | ||
| 490 |
_aProperty and Compensation Reports _v(1994) 68 PCR 563-568(6) |
||
| 520 | _aLT 16 August 1994. In 1988 a resolution was made to compulsorily acquire a Grade II listed building as part of a plan to redevelop a town centre. The order was never made and in 1993 it was resolved not to proceed with it. In 1992 J who occupied the building served a blight notice on the council (S) under Town and Country Planning Act 1990 s150(1) requiring it to purchase their interest on the grounds that the land was blighted and they were unable to sell it. S objected. Held that as no cpo had ever been issued the land was not blighted. Blighted land was defined as `land in respect of which a compulsory purchase order is in force`. A resolution authorising S to make a cpo was not enough. | ||
| 650 | _aBLIGHT NOTICE | ||
| 650 | _aBLIGHT | ||
| 650 |
_aCompulsory purchase _96228 |
||
| 650 | _aCOUNTER NOTICE | ||
| 650 | _aJONES SON AND VERNON V SANDWELL MBC | ||
| 650 | _aTOWN AND COUNTRY PLANNING ACT 1990 S150(1) | ||
| 690 | _aENVIRONMENTAL AND LAND CONSULTANCY-PLANNING AND DEVELOPMENT-COMPULSORY PURCHASE AND COMPENSATION | ||
| 942 | _n0 | ||
| 948 | _c04/03/1997 | ||
| 999 |
_c37240 _d37240 |
||